| Tag |
First Indicator |
Second Indicator |
Subfields |
| LEADER |
00000cam a2200000Mu 4500 |
| 001 |
in00004635650 |
| 006 |
m o d |
| 007 |
cr ||||||||||| |
| 008 |
211204s2019 xx o ||| 0 spa d |
| 005 |
20230103223520.7 |
| 035 |
|
|
|a (OCoLC)on1287132837
|
| 040 |
|
|
|a EBLCP
|b eng
|c EBLCP
|d JSTOR
|d OCLCF
|
| 020 |
|
|
|a 9789871751730
|q (electronic bk.)
|
| 020 |
|
|
|a 9871751737
|q (electronic bk.)
|
| 035 |
|
|
|a (OCoLC)1287132837
|
| 037 |
|
|
|a 22573/ctv31tzhn6
|b JSTOR
|
| 050 |
|
4 |
|a RD119
|
| 082 |
0 |
4 |
|a 617.95
|2 23/eng/20221202
|
| 049 |
|
|
|a TXAM
|
| 100 |
1 |
|
|a Córdoba, Marcelo.
|
| 245 |
1 |
3 |
|a La cirugía estética y la normalización de la subjetividad femenina
|b un análisis textual.
|
| 260 |
|
|
|a Córdoba :
|b Universidad Nacional de Córdoba.,
|c 2019.
|
| 300 |
|
|
|a 1 online resource (249 p.)
|
| 336 |
|
|
|a text
|b txt
|2 rdacontent
|
| 337 |
|
|
|a computer
|b c
|2 rdamedia
|
| 338 |
|
|
|a online resource
|b cr
|2 rdacarrier
|
| 500 |
|
|
|a Description based upon print version of record.
|
| 650 |
|
0 |
|a Surgery, Plastic.
|
| 650 |
|
0 |
|a Beauty, Personal.
|
| 650 |
|
0 |
|a Femininity.
|
| 650 |
|
7 |
|a Beauty, Personal.
|2 fast
|0 (OCoLC)fst00829396
|
| 650 |
|
7 |
|a Femininity.
|2 fast
|0 (OCoLC)fst00922657
|
| 650 |
|
7 |
|a Surgery, Plastic.
|2 fast
|0 (OCoLC)fst01139417
|
| 655 |
|
7 |
|a Electronic books.
|2 local
|
| 710 |
2 |
|
|a JSTOR (Organization)
|
| 776 |
0 |
8 |
|i Print version:
|a Córdoba, Marcelo
|t La cirugía estética y la normalización de la subjetividad femenina
|d Córdoba : Universidad Nacional de Córdoba.,c2019
|
| 856 |
4 |
0 |
|u https://www.jstor.org/stable/10.2307/j.ctv31vqp86
|z Connect to the full text of this electronic book
|t 0
|
| 955 |
|
|
|a JSTOR Open Access ebooks
|
| 994 |
|
|
|a 92
|b TXA
|
| 999 |
f |
f |
|s ff30c6cd-3709-472c-a465-db3742c6e909
|i 0b238b24-2e74-4e89-91e4-733a89fe7567
|t 0
|
| 952 |
f |
f |
|a Texas A&M University
|b College Station
|c Electronic Resources
|d Available Online
|t 0
|e RD119
|h Library of Congress classification
|
| 998 |
f |
f |
|a RD119
|t 0
|l Available Online
|